| 000 | 00540nam a2200181Ia 4500 | ||
|---|---|---|---|
| 005 | 20250806113125.0 | ||
| 008 | 231207s9999 xx 000 0 und d | ||
| 020 | _a9780801859250 | ||
| 040 | _cPK-LaNCA | ||
| 082 |
_a701 _bMAR |
||
| 100 | _aMarranca, Bonnie (Editor) | ||
| 245 | 0 |
_aConservations on art and performance _cEdited by Bonnie Marranca |
|
| 260 |
_bThe Johns Hopkins University Press _aMaryland _c1999 |
||
| 300 | _axiv, 506p | ||
| 546 | _aEnglish | ||
| 650 | _aPerforming arts, Art--Essays, Art--Criticism | ||
| 942 | _cMA-VA | ||
| 999 |
_c11338 _d11338 |
||